01015nam a2200253 a 4500001001000000005001700010041000800027044000800035084002000043100004500063245007600108260006700184300002400251500004500275500013000320500000900450546002400459650005200483650005600535650003400591650004500625700004100670740005000711BRCA_342220190320204256.0 aeng aenk a711b.N45c19331 aCervantes Saavedra, Miguel ded1547-161610aThe Adventures of Don QuixotecAbridged and Adapted by Emily Underdown. aLondres : Edinburgo : Nueva YorkbThomas Nelson and Sonsc1933 a128 p.bil.c17 cm. aContenido : Texto abreviado de la novela aReimpresión de la edición compendiada por E. Underdown, publicada en 1930, por los mismos editores. Tela Lúdovik Osterc aQMB2 aTexto en : inglés14aNovela españolayÉpoca clásica, 1500-170014aLiteratura españolayÉpoca clásica, 1500-170014aNovela españolaySiglo XVII14aDon Quijote (Personaje ficticio)eNovela1 aUnderdown, Emilyd1892-1936eEditora0 aEl Ingenioso Hidalgo Don Quijote de la Mancha